Statistics for The Dictator Files: Vladimir Lenin

Click here to take the quiz!

General Stats

  • This quiz has been taken 20,115 times
    (20,064 since last reset)
  • The average score is 13 of 20

Answer Stats

QuestionAnswer% Correct
Person that succeeded Lenin as leader of that countryJoseph Stalin
97%
New country that Lenin became the first leader of in 1922Soviet Union
95%
City that was named Leningrad from 1924–1991St. Petersburg
95%
Name a country which declared independence from Russia between 1917–1918Belarus | Estonia | Finland |
Georgia | Latvia | Lithuania |
Poland | Ukraine
93%
War that Lenin pulled Russia out ofWorld War I
93%
Faction of that party he came from (hint: starts with B)Bolshevik
89%
Political party which Lenin ledCommunist Party
88%
Country that sent Lenin back to Russia in a "sealed train" in an effort
to destabilize it
Germany
85%
National system of prison and slave labor camps established in 1918Gulag
83%
Last tsar of Russia, executed in 1918Nicholas II
80%
Type of disaster which killed about 5 million people in 1921–1922Famine
77%
Person that Lenin supposedly wanted insteadLeon Trotsky
71%
Army which fought against Lenin during the Russian Civil War{White} Army
64%
Plaza in Moscow where Lenin's embalmed body can be viewedRed Square
59%
Country that Lenin was living in before returning to Russia in 1917Switzerland
51%
Group of wealthy peasants who Lenin persecuted (hint: starts with K)Kulaks
32%
Campaign of political persecution which killed an estimated
100,000–200,000 political enemies
Red {Terror}
32%
Lenin's real nameVladimir Ilyich Ulyanov
27%
Secret police established in 1918 (starts with C)Cheka
20%
Woman who shot and wounded Lenin in 1918Fanny Kaplan
7%

Score Distribution

Percentile by Number Answered

Percent of People with Each Score

Your Score History

You have not taken this quiz since the last reset